000 01283nam a2200229 a 4500
008 120416s1977 ||||||||||||||||| || u
050 _aHF 5415.13 Rob
100 _aFerrell, O. C
245 1 0 _aMarketing
246 _acontemporary dimensions
260 _aLondon
_bHoughton Mifflin
_c[1977]
300 _axvi, 427p. : ill
350 _a0.00
650 0 _aMARKETING--MANAGEMENT--CASE STUDIES
650 _aMARKETING--CONGRESSES
700 _aRobicheaux, Robert A
995 _aMAIN LIBRARY OPEN ACCESS
_D0.00
_e704716
_FCBU-MAIN LIBRARY (Kitwe)
_H5
_I0.00
_jHF 5415.13 Rob
_M4
_UAVAILABLE
_y026773
_ZMain Library Open Access Collection
995 _aANNEX COLLECTION (Main Library)
_D0.00
_e704719
_FCBU-MAIN LIBRARY (Kitwe)
_H4
_I0.00
_jHF 5415.13 Rob
_M2
_UAVAILABLE
_y026771
_ZAnnex Low-Usage Collection
995 _aMAIN LIBRARY OPEN ACCESS
_D0.00
_e704717
_FCBU-MAIN LIBRARY (Kitwe)
_H2
_I0.00
_jHF 5415.13 Rob
_M3
_ULOST
_y026772
_ZMain Library Open Access Collection
995 _aMAIN LIBRARY OPEN ACCESS
_D0.00
_e704718
_FCBU-MAIN LIBRARY (Kitwe)
_H1
_I0.00
_jHF 5415.13 Rob
_M1
_UAVAILABLE
_y026717
_ZMain Library Open Access Collection
995 _aANNEX COLLECTION (Main Library)
_D0.00
_e722697
_FCBU-MAIN LIBRARY (Kitwe)
_H3
_I0.00
_jHF 5415.13 Rob
_M5
_UAVAILABLE
_y026774
_ZAnnex Low-Usage Collection
999 _c82612
_d82612